| 000 | 01248nam a2200361 a 4500 | ||
|---|---|---|---|
| 001 | ebr10472136 | ||
| 003 | CaPaEBR | ||
| 006 | m u | ||
| 007 | cr cn||||||||| | ||
| 008 | 070606s2007 enk sb 001 0 eng d | ||
| 010 | _z 2007297746 | ||
| 020 | _z0826492355 (pbk.) | ||
| 020 | _z9780826492357 (pbk.) | ||
| 020 | _z9781441171818 (e-book) | ||
| 040 |
_aCaPaEBR _cCaPaEBR |
||
| 035 | _a(OCoLC)738478401 | ||
| 050 | 1 | 4 |
_aLC4599.G7 _bB76 2007eb |
| 082 | 0 | 4 |
_a371.916 _222 |
| 100 | 1 | _aBrookes, Geoff. | |
| 245 | 1 | 0 |
_aDyspraxia _h[electronic resource] / _cGeoff Brookes. |
| 250 | _a2nd ed. | ||
| 260 |
_aLondon ; _aNew York : _bContinuum, _c2007. |
||
| 300 | _ax, 182 p. | ||
| 490 | 1 | _aSEN series | |
| 500 | _aPrevious ed.: 2005. | ||
| 504 | _aIncludes bibliographical references (p. 175) and index. | ||
| 533 |
_aElectronic reproduction. _bPalo Alto, Calif. : _cebrary, _d2013. _nAvailable via World Wide Web. _nAccess may be limited to ebrary affiliated libraries. |
||
| 650 | 0 | _aApraxia. | |
| 655 | 7 |
_aElectronic books. _2local |
|
| 710 | 2 | _aebrary, Inc. | |
| 830 | 0 | _aSEN series. | |
| 856 | 4 | 0 |
_uhttp://site.ebrary.com/lib/rucke/Doc?id=10472136 _zAn electronic book accessible through the World Wide Web; click to view |
| 999 |
_c113076 _d113076 |
||